00433 a2200133 4500001001000000005001700010008004100027245005400068100002000122700002000142700002500162773009500187999001700282ART_2402820260410161933.0260409a 10aDinámica del mercado laboral postdevaluación.1 aAlbrieu, Ramiro1 aBernat, Gonzalo1 aCorso, Eduardo Ariel0 tRevista de Economía Política de Buenos Airesg- Año 3, Nº 5/6 (nov. 2009)wREV23982 c28797d28797